| 000 | 00655nam a22002177a 4500 | ||
|---|---|---|---|
| 005 | 20230608060114.0 | ||
| 008 | 230123b |||||||| |||| 00| 0 eng d | ||
| 020 | _a978-971-98-0876-3 | ||
| 082 | _aFil. 338.9 M 266 2018 | ||
| 100 |
_aManapat, Carlos L. _eauthor |
||
| 245 |
_aEconomics, taxations, and agrarian reform / _cCarlos L. Manapat, Fernando R. Pedrosa |
||
| 250 | _a2nd ed. | ||
| 260 |
_aQuezon City: _bC & E Publishing, _cc2018. |
||
| 300 |
_axii, 305p.; _bill. |
||
| 504 | _aIncludes references and index | ||
| 541 | _e5716 | ||
| 650 | _aEconomics | ||
| 650 | _aTaxation | ||
| 650 | _aLand reform | ||
| 700 |
_aPedrosa, Fernando R. _eAuthor |
||
| 999 |
_c598 _d598 |
||